| 000 | 00818nmc a2200289 a 4500 | ||
|---|---|---|---|
| 003 | AR-BaBNM | ||
| 005 | 20251128203922.0 | ||
| 008 | 105019s1992 ||||||||||||||000 | spa|| | ||
| 020 | _a950-755-045-3 | ||
| 040 | _cAR-BaBNM | ||
| 100 | 1 | _aMendonca, Beatriz | |
| 245 | 1 | 0 | _aPropuestas didácticas participativas de la biblioteca escolar |
| 260 |
_aBuenos Aires _bBraga _c1992 |
||
| 300 |
_a29 p. _bil., gráfs. |
||
| 490 | 0 | _aLineamientos. Cuadernos de orientación pedagógica | |
| 504 | _aContiene: bibliografía | ||
| 650 | 4 | _aBIBLIOTECAS ESCOLARES | |
| 650 | 4 | _aHISTORIA | |
| 650 | 4 | _aOBJETIVOS EDUCACIONALES | |
| 650 | 4 | _aEXTENSION CULTURAL | |
| 650 | 4 | _aLECTURA | |
| 650 | 4 | _aDIDACTICA | |
| 650 | 4 | _aSIGLO VEINTE | |
| 800 | 1 |
_aPérez Alvárez, Sergio _edirector |
|
| 942 | _cBK | ||
| 998 | _cGrace | ||
| 999 |
_c5464 _d5464 |
||